000 01311nam a22002777a 4500
999 _c12358
_d12358
003 EG-ScBUE
005 20210220104026.0
008 090715k19551968sy f 000 0 ara d
040 _aEG-ScBUE
_bara
_erda
_cEG-ScBUE
_dEG-ScBUE
082 0 4 _a892.71009
_bع م ا
_222
100 1 _98030
_aعماد الدين الكاتب، محمد بن محمد،‏،
_d519-597 هـ.‏،
_eمؤلف.
245 1 0 _aخريدة القصر وجريدة العصر :
_bقسم شعراء الشام /
_cللعماد الدين الأصبهاني الكاتب ؛ عني بتحقيقه الدكتور شكري فيصل.
264 1 _aدمشق :
_bالمجمع العلمى العربي،
_c[1955-1968]
300 _a4 مجلد ؛
_c24 سم.
336 _2rdacontent
_aنص
_btxt
337 _2rdamedia
_aبدون وسيط
_bn
338 _2rdacarrier
_aمجلد
_bnc
490 0 _aمطبوعات المجمع العلمي العربي
505 0 0 _aالمجلد العاشر -- المجلد الحادي عشر -- المجلد الثاني عشر -- المجلد الثالث عشر.
650 7 _98043
_aالشعر العربي
_vتاريخ ونقد.
_2BUEsh
651 _2BUEsh
653 _bARALIT
_cFebruary2021
655 _vReading book
_934232
700 1 _aفيصل، شكري،‏
_d1918-1985،
_eمحقق.
942 _2ddc
_cBB